Soužití se staršími lidmi : praktické informace pro ty, kdo doma pečují o staré lidi, i pro sociální a zdravotnické pracovníky / Clément Pichaud, Isabelle Thareauová ; [z francouzštiny přeložila Abigail Kozlíková]
Record details
- ISBN: 80-7178-184-3
- Physical Description: 156 s. : il. ; 24 cm
- Edition: Vyd. 1.
- Publisher: Praha : Portál, 1998
Content descriptions
| General Note: | Služby a adresy |
Search for related items by subject
| Subject: | stáří > sociální aspekty stáří > biologické aspekty stárnutí > sociální aspekty stárnutí > biologické aspekty péče o seniory ergoterapie |
| Genre: | příručky |
Search for related items by series
Available copies
- 3 of 4 copies available at Common Catalog SPOK.
Holds
- 0 current holds with 4 total copies.
Show Only Available Copies
| Location | Call Number / Copy Notes | Barcode | Shelving Location | Status | Due Date |
|---|---|---|---|---|---|
| Jabok Library | SPr-3.5 | 424480003656 | Příruční knihovna učitelů - ptejte se knihovníka | Available | - |
| Jabok Library | SPr-3.5 | 424480003776 | Odborná literatura | Available | - |
| Jabok Library | SPr-3.5 | 424480026679 | Odborná literatura | Available | - |
| Jabok Library | SPr-3.5 | 424480038652 | Odborná literatura | Checked out | 23.04.2025 |
| LDR | 01931nam a2200505 a 4500 | ||
|---|---|---|---|
| 001 | 12168 | ||
| 003 | CZ-PrJAB | ||
| 005 | 20220621130639.0 | ||
| 007 | tu | ||
| 008 | 980114s1998 xr a e f 000 0 cze | ||
| 015 | . | ‡acnb000294357 | |
| 020 | . | ‡a80-7178-184-3 ‡q(brož.) : ‡cKč 145,00 | |
| 035 | . | ‡a(CZ PrNK)cpk19980294357 | |
| 035 | . | ‡a(OCoLC)39316101 | |
| 040 | . | ‡aABA001 ‡bcze | |
| 041 | 1 | . | ‡acze ‡hfre |
| 072 | 7. | ‡a316.4/.7 ‡xSociální interakce. Sociální komunikace ‡2Konspekt ‡918 | |
| 080 | . | ‡a159.922.63 ‡2MRF | |
| 080 | . | ‡a612.67 ‡2MRF | |
| 080 | . | ‡a304 ‡2MRF | |
| 080 | . | ‡a57/59 ‡2MRF | |
| 080 | . | ‡a364.4-053.9 ‡2MRF | |
| 080 | . | ‡a615.851.3 ‡2MRF | |
| 080 | . | ‡a(035) ‡2MRF | |
| 100 | 1 | . | ‡aPichaud, Clément, ‡d1938- ‡7xx0075468 ‡4aut |
| 245 | 1 | 0. | ‡aSoužití se staršími lidmi : ‡bpraktické informace pro ty, kdo doma pečují o staré lidi, i pro sociální a zdravotnické pracovníky / ‡cClément Pichaud, Isabelle Thareauová ; [z francouzštiny přeložila Abigail Kozlíková] |
| 250 | . | ‡aVyd. 1. | |
| 260 | . | ‡aPraha : ‡bPortál, ‡c1998 | |
| 300 | . | ‡a156 s. : ‡bil. ; ‡c24 cm | |
| 490 | 1 | . | ‡aSociální práce |
| 500 | . | ‡aSlužby a adresy | |
| 650 | 0 | 7. | ‡astáří ‡7ph126204 ‡xsociální aspekty ‡2czenas |
| 650 | 0 | 7. | ‡astáří ‡7ph126204 ‡xbiologické aspekty ‡2czenas |
| 650 | 0 | 7. | ‡astárnutí ‡7ph126175 ‡xsociální aspekty ‡2czenas |
| 650 | 0 | 7. | ‡astárnutí ‡7ph126175 ‡xbiologické aspekty ‡2czenas |
| 650 | 0 | 7. | ‡apéče o seniory ‡7ph421549 ‡2czenas |
| 650 | 0 | 7. | ‡aergoterapie ‡7ph119986 ‡2czenas |
| 655 | 7. | ‡apříručky ‡7fd133209 ‡2czenas | |
| 700 | 1 | . | ‡aKozlíková, Abigail ‡7xx0025272 ‡4trl |
| 700 | 1 | . | ‡aThareau, Isabelle, ‡d1965- ‡7jo2007280255 ‡4aut |
| 765 | 0 | . | ‡tVivre avec les personnes âgées ‡9Česky |
| 830 | 0. | ‡aSociální práce | |
| 910 | . | ‡aABG312 | |
| 901 | . | ‡a12168 ‡bUnknown ‡c12168 ‡tbiblio | |